"Without You" - All Lyrics (Lana Del Rey) - Statistics

General Stats
  • This quiz has been taken 18 times
  • The average score is 305 of 350
Answer Stats
Lyrics % Correct
without
100%
you
100%
all
91%
All
91%
Am
91%
am
91%
and
91%
And
91%
be
91%
beautiful,
91%
Ca-
91%
cameras
91%
cameras,
91%
can
91%
Can
91%
china
91%
could've
91%
doll
91%
Everything
91%
found
91%
glamorous?
91%
have
91%
hear
91%
Hello?
91%
I
91%
if
91%
is
91%
it
91%
it,
91%
life
91%
lived?
91%
Lived
91%
me,
91%
me?
91%
me
91%
Money,
91%
nothing
91%
Nothing
91%
picture
91%
pretty
91%
Pretty
91%
see
91%
Tell
91%
the
91%
think
91%
want,
91%
we
91%
We
91%
When
91%
your
91%
American
82%
babe,
82%
baby,
82%
Boy,
82%
deadly
82%
dream
82%
dreams
82%
even
82%
fall
82%
God
82%
hot,
82%
images
82%
images,
82%
lights
82%
like
82%
loud
82%
love
82%
mean
82%
music
82%
my
82%
nice
82%
night,
82%
of
82%
seemed
82%
so
82%
stolen
82%
Stolen
82%
Summertime
82%
sweet
82%
that
82%
to
82%
tryin'
82%
vanilla
82%
wanna
82%
was
82%
were
82%
would
82%
you're
82%
can't
73%
dance
73%
dark
73%
get
73%
heart,
73%
In
73%
just
73%
kids
73%
notoriety,
73%
on
73%
out
73%
play
73%
rivieras
73%
side
73%
these
73%
they
73%
two
73%
up,
73%
what
73%
brain,
64%
But
64%
dope,
64%
Gold
64%
grew
64%
line
64%
our
64%
silver
64%
burned
55%
flashbulbs
55%
into
55%
No matching quizzes found
Score Distribution
Percent of People with Each Score
Percentile by Number Answered
Your Score History
You have not taken this quiz